• 首页
  • 本馆介绍
  • 公告通知
  • 最新文献
  • 馆藏检索
  • 电子资源
  • 读者导购
  • 参考咨询
  • 我的图书馆
  • 登录
  • 详细信息显示
  • 放入我的书架
  • 预约/预借图书
  • 作者相关作品
  • 分类相关作品
  • 丛书相关作品
  • 出版社相关作品

书目信息

  • 表格格式
  • 工作单格式
  • 卡片格式
题名:
辛亥革命大事录
    
 
作者: 刘望龄 编著
分册:  
出版信息: 北京   知识出版社  1981
页数: 218页
开本: 21cm
丛书名:
单 册:
中图分类: K257.06
科图分类:
主题词: 中国--近代史--1901~1911 , 辛亥革命
电子资源:
ISBN:
000 00661nam0 2200241 45
001 0181009976
005 20050419161300.4
010    @dCNY0.83
091    @a11214.1002
100    @a19950208d1981 em y0chiy0121 ea
101 0  @achi
102    @aCN@b110000
105    @af z 000yy
200 10 @a辛亥革命大事录@Axin hai ge ming da shi lu@f刘望龄编著@FLiu Wang Ling Bian Zhu
210    @a北京@c知识出版社@d1981
215    @a218页@c照片@d21cm
606 0  @a中国@x近代史@z1901~1911
606 0  @a辛亥革命
690    @aK257.06@v3
701  0 @a刘望龄@4编著
801  0 @aCN@b上海图书馆@c20040505
801  2 @aCN@bNLC@c20040505
905    @dK257.06@e14@b67566@f1
    
    辛亥革命大事录/刘望龄编著.-北京:知识出版社,1981
    218页:照片;21cm
    
    
    ISBN :CNY0.83
    
●
相关链接 在E读中查询图书 在五车中查询图书 在当当中查询图书 在豆瓣中查询图书


正题名:辛亥革命大事录     索取号:K257.06/14         预约/预借

序号 登录号 条形码 馆藏地/架位号 状态 备注
1 0067566   002033374   第二借阅区/ [索取号:K257.06/14] 在馆    
2 0067567   001293264   第二借阅区/ [索取号:K257.06/14] 在馆    
3 0067568   001293282   第二借阅区/ [索取号:K257.06/14] 在馆    
4 0067569   001293273   第二借阅区/ [索取号:K257.06/14] 在馆    
5 0067570   202084127   第二样本阅览室/ [索取号:K257.06/14] 在馆    
唐山师范学院图书馆 欢迎您!
大连网信软件有限公司© 版权所有